| 000 | 00399cam a2200169ua 4500 | ||
|---|---|---|---|
| 020 | _a0-582-44640-6 | ||
| 041 |
_aeng _h |
||
| 082 |
_a581.1335 _bBRA/NI |
||
| 100 | _aBray, C M . | ||
| 245 |
_aNitrogen metabolism in plants / _cC M Bray. _hTextual Documents |
||
| 250 |
_a1 / _b. |
||
| 260 |
_aLondon : _bLongman , _c1983. |
||
| 300 | _a ; . | ||
| 504 | _a | ||
| 942 | _cBK | ||
| 999 |
_c2012 _d2012 |
||